000 00377nam a22001577a 4500
003 MPLRDC
005 20220104125408.0
008 210129b ||||| |||| 00| 0 eng d
082 _a857.9 LS-170 V.3
100 _a卧龙生著
245 _a豪侠. 八风. 一娇. 三
_c
260 _a
_b快泽有限公司
_c
300 _b
650 _a
942 _cBK
_o857.9 LS-170 V.3
999 _c27019
_d27009